| 000 | 00470nam a2200181Ia 4500 | ||
|---|---|---|---|
| 008 | 230711s9999||||xx |||||||||||||| ||und|| | ||
| 020 | _a978-1-498-76738-5 | ||
| 041 | _aENG | ||
| 082 |
_a637.1 _bWA-D |
||
| 100 | _aWalstra,Pieter | ||
| 245 | 0 | _aDairy Science and Technology | |
| 250 | _a2nd Ed. | ||
| 260 |
_c2006 _aNew York _bCRC Press Taylor & Francis Group |
||
| 300 | _a782p. | ||
| 650 | _aFood Science and Technology | ||
| 700 | _aWouters,Jan T.M | ||
| 942 | _cBK | ||
| 999 |
_c7390 _d7390 |
||